000 00760nam a2200265 a 4500
001 BRCA_4237
005 20190320204609.0
008 110610s1961----mx-a######---#000-0#spa-#
041 _aspa
044 _amx
050 4 _aNK7114
_b.V35 1
_c1961
100 1 _aValle Arizpe, Artemio de
_d1888-1961
_92476
245 1 0 _aNotas de platería
_cArtemio de Valle Arizpe.
250 _a2
260 _aMéxico
_bHerrero Hermanos, Sucesores
_c1961
300 _a427 p.
_bil. (algunas a color), 126 láminas
_c24 cm.
500 _aAM49
500 _aEjemplar igual a Y45
500 _aVer también G90
504 _aBibliografía: p. [421]-427
650 1 4 _aPlatería
_zMéxico
_93073
650 1 4 _aOrfebrería
_zMéxico
_910922
902 _aGFM
942 _2lcc
_cB
999 _c3948
_d3948